Top 10 PlayStation 3 Games - Statistics

General Stats
  • This quiz has been taken 47 times
  • The average score is 5 of 10
Answer Stats
Year Game Score % Correct
2013 The Last of Us 95
84%
2008 Grand Theft Auto IV 98
73%
2013 Grand Theft Auto V 97
70%
2009 Uncharted 2: Among Thieves 96
68%
2010 Red Dead Redemption 95
43%
2008 LittleBigPlanet 95
32%
2013 BioShock Infinite 94
22%
2009 Call of Duty: Modern Warfare 2 94
22%
2011 Portal 2 95
22%
2011 Batman: Arkham City 96
16%
No matching quizzes found
Score Distribution
Percent of People with Each Score
Percentile by Number Answered
Your Score History
You have not taken this quiz